00857nam a22002177a 450000500170000001000150001702000260003203500140005803700090007208200110008110000240009224500550011625000060017126000670017727001630024430000210040750000130042894200220044199900190046395201570048220260518111122.0 aENG-148506 a9789371361200c680.00 aEN-132038 bDBAD a37024 aDawar, Heena989121 aNTA UGC 2026 NET SET JRF:bEducation/cHeena Dawar a4 aUttar pradeshbPearson India Education Service Pvt. Ltd.c2026 a15th Floor, Tower -B, World Trade Tower, PLot No.1, Block-C, Sector 16, NoidabNoida (Uttar pradesh)e201301k044-66540100mcompanysecretary.india@pearson.com avpp. :c25cm(pb) aPaper II 2ddccENh370mDAW c216232d216232 001040718NFICaDBADbDBADd2026-05-18eDelivery of Books Act Divisiong680.00l0o370 DAWpEN-132038r2026-05-18 11:10:51t 1v680.00w2026-05-18yEN